01157cam a2200265 a 450000100100000000500170001000800410002702000150006804000290008308200180011210000490013024500780017926000730025730000280033049000450035850400550040365000730045865000630053165000640059483000530065891000340071104900090074595201220075499900150087600001011120200929161840.0930806s1989 sp a b 001 pdspa d a8478200282 aDO-SdBNPbspacIUdBNPHU a861.64bL869p1 aLorenzo de Blancas, Benedicto.d1920-91734910aPoetas aragoneses :bel grupo del Niké /cBenedicto Lorenzo de Blancas. aZaragoza, (España) :bInstitución Fernando el Católico,c1989. a127 p. :bil. ;c22 cm.1 aInstitucion Fernando el Católicov1190 aIncluye referencias bibliográficas (p. 125-127). 4aPoesía españolazEspañazAragónxHistoria y crítica925107 4aPoesía españolaySIGLO XXxHistoria y crítica925108 4aPoetas españoleszEspañazAragónxBi0grafías925109 0aInstitucion Fernando el Catolico ;v1190.916722 aCatalogación por copia / LC aBNGR 001052708MOaGRbGRcCTd2009-10-03iLF1l0o861.64 L869pp10111-10r2020-06-25w2020-06-25y2ZPréstamo interno c9870d9870